[Event "Pan American-ch U16"]
[Site "Santiago de Chile"]
[Date "2018.07.22"]
[Round "1"]
[White "Arevalo Perez, Luis Alexander"]
[Black "Quirhuayo Chumbe, German Gonzalo"]
[Result "0-1"]
[WhiteElo "1726"]
[BlackElo "2198"]
[PlyCount "58"]
[EventDate "2018.07.22"]
[EventType "swiss"]
[EventRounds "9"]
[EventCountry "CHI"]
[SourceTitle "EXT 2022"]
[Source "ChessBase"]
[SourceDate "2021.10.06"]
[SourceVersion "1"]
[SourceVersionDate "2021.10.06"]
[SourceQuality "1"]

1. e4 c5 2. Nf3 Nc6 3. d4 cxd4 4. Nxd4 e5 5. Nb5 d6 6. Be3 Nf6 7. N1c3 a6 8. Na3 b5 9. Nd5 Nxd5 10. Qxd5 Bb7 11. Qd2 Ne7 12. c4 Bxe4 13. cxb5 d5 14. Bc5 d4 15. Nc4 Ng6 16. Bxf8 Kxf8 17. f3 axb5 18. Qb4+ Kg8 19. Qxb5 Bf5 20. Qc5 h5 21. Nd6 Be6 22. Kf2 Qg5 23. Qc1 Qxc1 24. Rxc1 Rxa2 25. Rc2 Kf8 26. Bd3 Nf4 27. Be4 Ke7 28. Nb5 Rb8 29. g3 Nh3+ 0-1

[Event "Lima Surco op 4th"]
[Site "Lima"]
[Date "2017.10.15"]
[Round "2"]
[White "Romero Rodriguez, Jorge"]
[Black "Arevalo Perez, Luis Alexander"]
[Result "1/2-1/2"]
[WhiteElo "1729"]
[BlackElo "1581"]
[PlyCount "41"]
[EventDate "2017.10.15"]
[EventType "swiss"]
[EventRounds "7"]
[EventCountry "PER"]
[SourceTitle "EXT 2019"]
[Source "ChessBase"]
[SourceDate "2018.10.10"]
[SourceVersion "1"]
[SourceVersionDate "2018.10.10"]
[SourceQuality "1"]

1. d4 e6 2. Nf3 Nf6 3. Bf4 b6 4. e3 Bb7 5. Bd3 Be7 6. Nbd2 d6 7. 0-0 0-0 8. h3 Nbd7 9. e4 c5 10. c3 Rc8 11. Re1 h6 12. Rc1 Re8 13. Bh2 Nf8 14. Qe2 Ng6 15. Ba6 Qc7 16. Bb5 Bc6 17. Ba6 Bb7 18. Bb5 Bc6 19. Ba6 Bb7 20. Bb5 Bc6 21. Ba6 1/2-1/2

[Event "Lima Surco op 2nd"]
[Site "Lima"]
[Date "2017.07.08"]
[Round "1"]
[White "Arevalo Perez, Luis Alexander"]
[Black "Galindo Canari, Renzo Salim"]
[Result "1-0"]
[WhiteElo "1589"]
[BlackElo "1351"]
[PlyCount "46"]
[EventDate "2017.07.08"]
[EventType "swiss"]
[EventRounds "9"]
[EventCountry "PER"]
[SourceTitle "EXT 2018"]
[Source "ChessBase"]
[SourceDate "2017.10.13"]
[SourceVersion "1"]
[SourceVersionDate "2017.10.13"]
[SourceQuality "1"]

1. e4 d6 2. d4 Nd7 3. Nf3 e5 4. dxe5 dxe5 5. Bc4 b6 6. 0-0 Ngf6 7. Nc3 Bb4 8. Nd5 Bd6 9. Re1 0-0 10. b3 c6 11. Nxf6+ Nxf6 12. Bb2 Re8 13. h3 b5 14. Bf1 a5 15. a4 Ba6 16. axb5 Bxb5 17. c4 Ba6 18. Qc2 Bb4 19. Red1 Qc7 20. g3 c5 21. Bg2 Bb7 22. Nh2 Qc6 23. f3 Nh5 1-0

[Event "Lima Surco op 2nd"]
[Site "Lima"]
[Date "2017.07.08"]
[Round "2"]
[White "Pizzardo, Salvador"]
[Black "Arevalo Perez, Luis Alexander"]
[Result "1-0"]
[WhiteElo "1950"]
[BlackElo "1589"]
[PlyCount "89"]
[EventDate "2017.07.08"]
[EventType "swiss"]
[EventRounds "9"]
[EventCountry "PER"]
[SourceTitle "EXT 2018"]
[Source "ChessBase"]
[SourceDate "2017.10.13"]
[SourceVersion "1"]
[SourceVersionDate "2017.10.13"]
[SourceQuality "1"]

1. d4 d5 2. Nf3 Nf6 3. c4 c6 4. Nc3 e6 5. Bg5 h6 6. Bxf6 Qxf6 7. e3 Bd6 8. Bd3 dxc4 9. Bxc4 b5 10. Bd3 Bb7 11. Ne4 Bb4+ 12. Ke2 Qe7 13. a3 Ba5 14. Nc5 0-0 15. Ne5 Bb6 16. Rc1 f6 17. Ng6 Qf7 18. Nxf8 Bxc5 19. Rxc5 Kxf8 20. Qc2 f5 21. Bxf5 Nd7 22. Bg6 Qf6 23. Rc3 Rd8 24. Be4 e5 25. Rd1 exd4 26. Rxd4 c5 27. Rxc5 Bxe4 28. Rxe4 Nxc5 29. Rf4 Qxf4 30. exf4 Ne6 31. Qf5+ Ke7 32. Qe5 Rd5 33. Qe4 Rd4 34. Qb7+ Rd7 35. Qb8 Nd4+ 36. Ke3 Nf5+ 37. Kf3 g6 38. g4 Nd4+ 39. Ke4 Ne6 40. Qxb5 Rd4+ 41. Ke5 Rd1 42. Qb7+ Rd7 43. Qb4+ Kf7 44. Qb3 Re7 45. f5 1-0

[Event "PER-ch"]
[Site "Lima"]
[Date "2017.03.04"]
[Round "7"]
[White "Francia Arzapalo, Piero Hernando"]
[Black "Arevalo Perez, Luis Alexander"]
[Result "1/2-1/2"]
[WhiteElo "1556"]
[BlackElo "1458"]
[PlyCount "79"]
[EventDate "2017.03.01"]
[EventType "swiss"]
[EventRounds "9"]
[EventCountry "PER"]
[SourceTitle "CBM 177 Extra"]
[Source "ChessBase"]
[SourceDate "2017.04.27"]
[SourceVersion "1"]
[SourceVersionDate "2017.04.27"]
[SourceQuality "1"]

1. d4 d5 2. Bf4 Bf5 3. Nc3 c6 4. Nf3 e6 5. e3 Bd6 6. Bg3 Nf6 7. Bd3 Bg6 8. a3 a5 9. Ne5 Qc7 10. Ne2 Nbd7 11. Nxg6 hxg6 12. c3 Ng4 13. Nf4 Ngf6 14. Qe2 g5 15. Nh3 g4 16. Ng1 Bxg3 17. fxg3 Rxh2 18. Rxh2 Qxg3+ 19. Qf2 Qxh2 20. Ne2 Qh1+ 21. Ng1 g3 22. Qf1 Qh6 23. Qf3 Ng4 24. Kd2 Nf2 25. Qxg3 Nxd3 26. Kxd3 Qf6 27. Nf3 Qf5+ 28. Kd2 Nb6 29. Rh1 Nc4+ 30. Kc1 0-0-0 31. Nd2 Nxd2 32. Kxd2 g6 33. Qh4 g5 34. Qg3 Rg8 35. b4 axb4 36. axb4 b5 37. Ra1 Kb7 38. Qd6 Qf2+ 39. Kd3 Qf5+ 40. Kd2 1/2-1/2

[Event "PER-ch"]
[Site "Lima"]
[Date "2017.03.02"]
[Round "4"]
[White "Arevalo Perez, Luis Alexander"]
[Black "Pizzardo, Salvador"]
[Result "1/2-1/2"]
[WhiteElo "1458"]
[BlackElo "2042"]
[PlyCount "74"]
[EventDate "2017.03.01"]
[EventType "swiss"]
[EventRounds "9"]
[EventCountry "PER"]
[SourceTitle "CBM 177 Extra"]
[Source "ChessBase"]
[SourceDate "2017.04.27"]
[SourceVersion "1"]
[SourceVersionDate "2017.04.27"]
[SourceQuality "1"]

1. e4 e6 2. d4 d5 3. Nc3 Nf6 4. Bg5 Be7 5. e5 Nfd7 6. Bxe7 Qxe7 7. Nf3 0-0 8. Bd3 c5 9. Nb5 c4 10. Nc7 Nxe5 11. dxe5 cxd3 12. Nxa8 dxc2 13. Qxc2 Bd7 14. Nc7 Rc8 15. Rc1 Qd8 16. 0-0 Na6 17. Nxe6 fxe6 18. Qd2 Nc5 19. Qd4 b6 20. b4 Ne4 21. Nd2 Ng5 22. f4 Nf7 23. f5 Nh6 24. fxe6 Bxe6 25. Nb3 Nf5 26. Qf4 Rc4 27. Qd2 Qh4 28. Rxc4 dxc4 29. g3 Qe4 30. Re1 Qf3 31. Nd4 Nxd4 32. Qxd4 Bd5 33. Re2 Qxe2 34. Qxd5+ Kf8 35. Qd6+ Ke8 36. Qe6+ Kf8 37. Qd6+ Ke8 1/2-1/2

[Event "PER-ch"]
[Site "Lima"]
[Date "2017.03.01"]
[Round "1"]
[White "Arevalo Perez, Luis Alexander"]
[Black "Suasnabar, Jesus"]
[Result "0-1"]
[WhiteElo "1458"]
[BlackElo "2023"]
[PlyCount "66"]
[EventDate "2017.03.01"]
[EventType "swiss"]
[EventRounds "9"]
[EventCountry "PER"]
[SourceTitle "CBM 177 Extra"]
[Source "ChessBase"]
[SourceDate "2017.04.27"]
[SourceVersion "1"]
[SourceVersionDate "2017.04.27"]
[SourceQuality "1"]

1. e4 c5 2. Nf3 e6 3. d4 cxd4 4. Nxd4 a6 5. Be2 Nf6 6. Nc3 Qc7 7. 0-0 Be7 8. Kh1 0-0 9. f4 d6 10. Be3 Nc6 11. a3 Bd7 12. Bf3 Nxd4 13. Bxd4 Bc6 14. e5 Nd7 15. exd6 Bxd6 16. g3 e5 17. fxe5 Bxe5 18. Bxe5 Nxe5 19. Bxc6 Qxc6+ 20. Qd5 Rfd8 21. Qxc6 Nxc6 22. Rad1 Rd4 23. Kg2 Rad8 24. Rxd4 Rxd4 25. Rd1 Kf8 26. Kf2 Ke7 27. Rxd4 Nxd4 28. Nd5+ Kd6 29. Ne3 g6 30. c4 f5 31. b4 g5 32. c5+ Kc6 33. a4 a5 0-1